Регионална библиотека "Любен Каравелов" - Русе

Разкажи ми своята история (Запис номер 332567)

MARC детайли
000 -Лидер
Контролно поле с фиксирана дължина nam a22 a 4500
003 - Код на организацията, давaща контролен номер
Контролно поле BLK
005 - Дата и час на последна редакция
Контролно поле 20201229092538.0
008 - Елементи от данни с фиксирана дължина
fixed length control field 190710b bu ||||| |||| 00| 0 bu d
020 ## - Международен стандартен номер на книга ISBN
Международен стандартен номер на книга ISBN 9786197354775
040 ## - Източник на каталожния запис
Идентификатор на билиотеката - собственик на записа BLK
041 ## - Код за език
Код за езика на текст/звукозапис или на отделно заглавие Български
Код за езика КДБФ Български
080 ## - УДК
Текстов определител УДК Българска литература
УДК код - определител по УДК 821.163.2
УДК определител -32
УДК - код + определител 821.163.2-32
110 ## - Редна дума - колетивен орган
9 (RLIN) 394984
Редна дума - наименование на организация или юридическо лице Клуб "Мечтание"
139 ## - Редно поле
Редна дума Клуб "Мечтание"
245 ## - Сведения за заглавието
Заглавие Разкажи ми своята история
Подзаглавни данни Сборник с разкази
Дата на създаване на произведението 2018
260 ## - Област на издателските данни
9 (RLIN) 214217
Място на издаване, разпространение и проч. Русе
Име на издателя, разпространителя и проч. Gaiana Book Art Studio
Година на издаване 2019
300 ## - Физическа характеристика
Страници 136 с.
Илюстрации и др. с ил.
Размери/Мащаб 21 см.
380 ## - Жанр
Жанр Худож. лит.
500 ## - Общи забележки
Забележка Сборник с разкази, отличен в Национален конкурс за къс разказ "Мостове"; Послание и автограф от колективния орган <br/>
653 #7 - Ключова дума – ненормативна
9 (RLIN) 195181
Ключова дума разкази
700 ## - Други автори (авторска отговорност)
9 (RLIN) 1311
Лично име Георгиева, Цветелина
Автороска отговорност (Описва отношението между автора и произведението) ред.
700 ## - Други автори (авторска отговорност)
9 (RLIN) 390421
Лично име Десислава Коева
Автороска отговорност (Описва отношението между автора и произведението) предпечат
700 ## - Други автори (авторска отговорност)
9 (RLIN) 390711
Лично име Мирела Партинова
Автороска отговорност (Описва отношението между автора и произведението) корица
700 ## - Други автори (авторска отговорност)
9 (RLIN) 599
Лично име Красимира Балушева
Автороска отговорност (Описва отношението между автора и произведението) ил.
852 ## - Местоположение
Форматна сигнатура Цб 295683
999 ## - СИСТЕМНИ КОНТРОЛНИ НОМЕРА
Koha biblionumber 332567
Koha biblioitemnumber 332567
942 ## - АРТИКУЛИ
Вид на библиотечния материал Книги
Скрит в OPAC Не
Koha issues (borrowed), all copies 2
944 ## - СЪЗДАВАНЕ И РЕДАКЦИЯ на ЗАПИСА
Създаване/Редакция Създаване
Дата на регистрацията/редакция 2019-07-10
Служител, извършил регистрацията/редакцията Кристиан Велковски
Статус, дата на статуса 2019-07-10
999 ## - СИСТЕМНИ КОНТРОЛНИ НОМЕРА
Koha biblioitemnumber 332567
Наличности
Код за отписване Код за изгубен артикул Източник на класификационната схема Код за повреда Коз за рестрикции Код за отдаване Артикулен № Име на библиотеката - собственик Име на библиотеката, в която се намира в момента Статус (Текущо местоположение) Дата на вписване в системата Местоположение - отдел Цена в лева Систематично азбучна сигнатура Баркод Цена в евро Служебен тип на артикула
  Не е изгубен Universal Decimal Classification Не е повреден без рестрикции заемане за дома 729653 Регионална библиотека "Любен Каравелов" Русе Регионална библиотека "Любен Каравелов" Русе Заемна - подръчен фонд 2019-07-10 Заемна - подръчен фонд 5.00 П 886.7-32/Р 23 120000833529 2.56 Книги
  Не е изгубен Universal Decimal Classification Не е повреден без рестрикции ползва се в читалня 729663 Регионална библиотека "Любен Каравелов" Русе Регионална библиотека "Любен Каравелов" Русе Хранилище 2019-07-10 Основен фонд - ползва се само за читалня 5.00 Цб 295683 120000833530 2.56 Книги
Vip Innovations Ltd, Rousse, Bulgaria 2025